Immobilised enzymes and cells /

Bibliographic Details
Main Author: Rosevear, A. (Alan)
Other Authors: Kennedy, John F., 1942-, Cabral, Joaquim S.
Format: Book
Language:English
Published: Bristol : Hilger, [1987]
Subjects:

MARC

Tag First Indicator Second Indicator Subfields
LEADER 00000cam a2200000 a 4500
001 in00000027965
005 20151007054658.0
008 880106s1987 enka b 00110 eng d
010 |a gb 87014501  
015 |a GB87-14501 
020 |a 085274515X :  |c £37.50 
035 |a (OCoLC)15654806 
035 |9 AAB5912AM 
040 |a UKM  |c UKM  |d TXA  |d UtOrBLW 
049 |a TXAM  |c [A11521634] 
050 1 0 |a QP601 
050 4 |a QP601  |b .R782 1987 
082 0 |a 547.7/58/028  |2 19 
100 1 |a Rosevear, A.  |q (Alan) 
245 1 0 |a Immobilised enzymes and cells /  |c A. Rosevear, John F. Kennedy, Joaquim M.S. Cabral. 
264 1 |a Bristol :  |b Hilger,  |c [1987] 
264 4 |c ©1987 
300 |a ix, 248 pages :  |b illustrations ;  |c 24 cm. 
336 |a text  |b txt  |2 rdacontent 
337 |a unmediated  |b n  |2 rdamedia 
338 |a volume  |b nc  |2 rdacarrier 
504 |a Bibliography: pages 228-243. 
500 |a Includes index. 
650 0 |a Immobilized enzymes  |x Laboratory manuals. 
653 |a Enzymes  |a Immobilisation  |a Laboratory techniques 
700 1 |a Kennedy, John F.,  |d 1942- 
700 1 |a Cabral, Joaquim S. 
999 |a MARS 
999 f f |s cbffd404-a9c5-38fb-9dfd-aaca9bd65742  |i cb302efc-f9c5-3431-a7a6-eedcd4454cca  |t 0 
952 f f |p ric  |a Texas A&M University  |b Rellis Campus  |c Joint Library Facility  |d Remote Storage  |t 0  |e QP601 .R782 1987  |h Library of Congress classification  |i unmediated -- volume  |m A14811521634 
998 f f |a QP601 .R782 1987  |t 0  |l Remote Storage